000 00538nam a2200169Ia 4500
005 20250424120231.0
008 250424s9999 xx 000 0 und d
022 _a1695084X
050 _aHC 460.5 .C66/
245 0 _aConference proceeding: managing the challenges of global financial crisis in developing economies
260 _aNasarawa
260 _bAssociation for Computing Machinery
260 _c2010
300 _avi. , 287 p. : ill. ; 25 cm.
650 _aFinance- Nigeria-- Periodical. Business--Periodicals
942 _cSR
999 _c38144
_d38144